What is history? / (Record no. 549414)

000 -LEADER
fixed length control field 00708cam a2200217Mu 4500
020 ## - INTERNATIONAL STANDARD BOOK NUMBER
International Standard Book Number 0333977017
020 ## - INTERNATIONAL STANDARD BOOK NUMBER
International Standard Book Number 9780333977019
082 14 - DEWEY DECIMAL CLASSIFICATION NUMBER
Classification number 907.106820
Author Mark CAR
-- N-01, P-155
100 1# - MAIN ENTRY--PERSONAL NAME
Personal name Carr, Edward Hallett,
9 (RLIN) 3045
245 10 - TITLE STATEMENT
Title What is history? /
Statement of responsibility, etc. by E.H. Carr ; with a new introduction by Richard J. Evans.
260 ## - PUBLICATION, DISTRIBUTION, ETC.
Place of publication, distribution, etc. Basingstoke :
Name of publisher, distributor, etc. Palgrave,
Date of publication, distribution, etc. 2001.
300 ## - PHYSICAL DESCRIPTION
Extent lxxxiv,155 p. ;
Dimensions 22 cm.
500 ## - GENERAL NOTE
General note Includes index.
500 ## - GENERAL NOTE
General note Prev. eds. 1961, 1986.
500 ## - GENERAL NOTE
General note Reprint of 2nd ed. with new introduction (37 p.).
526 ## - STUDY PROGRAM INFORMATION NOTE
Program name 0
Interest level 0
Reading level 0
Title point value 907_106820000000000_CAR
650 #0 - SUBJECT ADDED ENTRY--TOPICAL TERM
Topical term or geographic name entry element History
General subdivision Philosophy.
9 (RLIN) 6591
650 #0 - SUBJECT ADDED ENTRY--TOPICAL TERM
Topical term or geographic name entry element NUST
9 (RLIN) 6342
700 1# - ADDED ENTRY--PERSONAL NAME
Personal name Evans, Richard J.
9 (RLIN) 46068
942 ## - ADDED ENTRY ELEMENTS (KOHA)
Source of classification or shelving scheme
Koha item type Book
Holdings
Withdrawn status Lost status Source of classification or shelving scheme Damaged status Not for loan Permanent Location Current Location Date acquired Total Checkouts Full call number Barcode Date last seen Date last checked out Price effective from Koha item type
          Military College of Engineering (MCE) Military College of Engineering (MCE) 09/25/2014 1 907.106820 CAR MCE-39009 12/09/2020 12/09/2020 09/25/2014 Book
© 2023 Central Library, National University of Sciences and Technology. All Rights Reserved.